00245nam a22001097a 4500008004100000020001500041041000800056080001400064100000600078101000800084245004300092170331b xxu||||| |||| 00| 0 eng d a0721651291 aeng a616-053.2 a8 ashm askeletal trauma in childrencGREEN.N.E